000
00228nam a22000977a 4500
999
_c
16186
_d
16186
003
OSt
008
200617b ||||| |||| 00| 0 eng d
100
_a
Michael Hardwick
_9
4605
245
_a
The Sherlock Holmes Companion
942
_c
BK